| 000 | 00645nam a2200217 i 4500 | ||
|---|---|---|---|
| 001 | 8910 | ||
| 003 | ES-MaACL | ||
| 005 | 20250721063427.0 | ||
| 007 | t| | ||
| 008 | 921112s1983 sp ||||1| spa d | ||
| 020 | _a84-400-32539-7 | ||
| 080 | _a366.1(46)"19" | ||
| 080 | _a92 Alfonso, Eduardo | ||
| 100 | 1 |
_aAlfonso, Eduardo, _d1896-1991 _919848 |
|
| 245 | 1 | 3 |
_aLa Masonería española en presidio / _cEduardo Alfonso. |
| 260 |
_aMadrid : _bSagitario, _cD.L. 1983. |
||
| 300 |
_a130, [4] p. : _bil. ; _c19 cm. |
||
| 610 | 2 |
_aMasonería- _zEspaña- _yS.XX. _95664 |
|
| 852 |
_aES-MaACL _jL-16285 _bR.120724 |
||
| 999 |
_c8910 _d8910 |
||